Statistics for Top 10 Warriors of All-Time NBA

Click here to take the quiz!

General Stats

  • This quiz has been taken 1,221 times
  • The average score is 5 of 10

Answer Stats

PostionAnswer% Correct
GuardStephen Curry
99%
GuardKlay Thompson
89%
FowardDraymond Green
79%
FowardRick Barry
63%
GuardChris Mullin
60%
GuardTim Hardaway
40%
GuardMonta Ellis
26%
GuardMitch Richmond
24%
CenterWilt Chamberlin
19%
GuardJason Richardson
1%

Score Distribution

Percentile by Number Answered

Percent of People with Each Score

Your Score History

You have not taken this quiz